000 01556cam a22001694a 4500
005 20250605163649.0
008 250528s ||||||||||||||||||||||||d
035 _a23841
040 _aGR-AtMCL
_bgre
_dGR-AtMCL
_eAACR2
245 1 _aΠαράθυρο / Στην Εκπαίδευση του Παιδιού
260 _bΩρίων,
_c2013
300 _a136
520 _aΚαρναβάλι Go Go Go, Ο Αρλεκίνος που τραγουδούσε την Αγάπη, Καρναβάλια, Ταξίδι στην Χώρα της Μασκαράτας, Αποκριάτικος Χορός των Ηρώων, Η Μάχη με τη Λερναία Ύδρα, Τα Ελευσίνια Μυστήρια, Η Χιονάτη και οι Επτά Νάνοι, Τα Πιγκουινάκια, Ήρωες και Υπερήρωες από την Αρχαιότητα μέχρι Σήμερα, Οι Σούπερ-Ήρωες των Παραμυθιών, Σύγχρονοί Υπερήρωες: Τα Π΄ροτυπα των Παιδιών, Παιχνίδια Φιλαναγνωσίας: Με Αφορμή Ένα Βιβλίο, Δυσκολίες Παραγωγής Γραπτού Λόγου, Το Βιωματικό Σχολείο σας Μιλάει για το... Έθιμο της Αποκριάς στη Λαϊκή Παράδοση, Τρώμε και Γλεντάμε Παραδοσιακά, Η Πλαισίωση και Αποπλαισίωση ή Μεταπλαισίωση και η Μέθοδος Cuisenaire.
942 _cCR
999 _c8767
_d8767